Las estructuras sociales y los individuos actuantes /
Guardado en:
| Autor principal: | |
|---|---|
| Formato: | Texto |
| Etiquetas: |
Agregar Etiqueta
Sin Etiquetas, Sea el primero en etiquetar este registro!
|
MARC
| LEADER | 00000 a a2200000 04500 | ||
|---|---|---|---|
| 001 | 3161 | ||
| 003 | |||
| 040 | |||
| 100 | |a Osipon, Guennadi | ||
| 245 | |a Las estructuras sociales y los individuos actuantes / |c Guennadi Osipon | ||
| 773 | |g número 2; páginas 51-58 | ||
| 999 | |c 39356 |d 39356 | ||
